000 00527nam a2200169Ia 4500
008 090201s9999 xx 000 0 und d
010 _aKPL-43197
040 _bमराठी
041 _aमराठी
082 _a51991
_b43197
100 _aप्रतिभा रायकर
245 _aविस्मृती
_cप्रतिभा रायकर
260 _c2003
_bप्रिया प्रकाशन
300 _a204
_bमध्यम
600 _aविस्मृती
942 _cBOOK
999 _c248440
_d248440